| 000 | 00887cam a22002895a 4500 | ||
|---|---|---|---|
| 001 | 016492455 | ||
| 003 | OSt | ||
| 005 | 20150603104930.0 | ||
| 008 | 130625t2014 enka fr 001 0 eng d | ||
| 020 | _a9781292020457 (pbk.) | ||
| 020 | _a1292020458 (pbk.) | ||
| 040 |
_aUK-WkNB _beng _cUK-WkNB _dEG-ScBUE |
||
| 082 | 0 | 4 |
_a332.024 _bKEO _222 |
| 100 | 1 |
_aKeown, Arthur J. _936855 |
|
| 245 | 1 | 0 |
_aPersonal finance : _bturning money into wealth / _cArthur J. Keown. |
| 250 | _a6th ed., Pearson new international ed. | ||
| 260 |
_aHarlow : _bPearson Education Limited, _cc.2014. |
||
| 300 |
_aii, 656 p. : _bill. (col.) ; _c28 cm. |
||
| 490 | 0 | _aAlways learning | |
| 500 | _aIndex : p. 645-655. | ||
| 650 | 7 |
_922964 _aFinance, Personal. _2BUEsh |
|
| 650 | 7 |
_99026 _aInvestments. _2BUEsh |
|
| 651 | _2BUEsh | ||
| 653 |
_bBUSADM _cMay2015 |
||
| 655 |
_vreading book _934232 |
||
| 942 | _2ddc | ||
| 999 |
_c19418 _d19390 |
||